000 01517cab a2200193 4500
001 ABS37446
008 090401t1987 xxu||||| |||| 00| 0 eng d
035 _a(Sirsi) u4559
041 _aeng
245 _aSmith and Others v Littlewoods Organisation Ltd ; Maloco v Littlewoods Organisation Ltd
260 _c1987
350 _a0
490 _aWeekly Law Reports
_v1987 WLR 480-512(33)
520 _aHL 5 February 1987. The defenders bought a cinema in Dunfermline in 1976, with the intention of demolishing it and replacing it with a supermarket . After some initial work, the cinema was left empty and unattended. On several occasions vandalism took place, including an attempt to light a fire in the cinema. In July 1976 a fire was deliberately started in the cinema, resulting in the burning down of the cinema, causing serious damage to adjoining properties. The owners of these properties brought actions agains the defenders for damages claiming that the damage had been caused by their negligence . The Lord Ordinary held in favour of the owners, but the defenders appealed successfully to the First Division of the Inner House of the Court of Session. On appeal by the owners, HL held that as the defenders had not known of the previous acts of vandalism in the cinema involving fire and since the cinema had not otherwise presented an obvious fire risk, they had not been under any duty t
650 _aDUTY OF CARE
690 _aPROPERTY LAW AND PRACTICE-CASE LAW
942 _n0
948 _c04/03/1997
999 _c2754
_d2754